Famous People Go Greek Quiz Stats

 Plays Quiz not verified by Sporcle

Support Sporcle.
Go Orange.
Score 0/20 Timer 02:00
0 Plays Today
% Correct
Cleopatra
65.8%
Eve
65.8%
Usain Bolt
65.8%
Jane Goodall
65.8%
Noah
63.2%
Vincent Van Gogh
60.5%
Louis Vuitton
60.5%
Tiger Woods
57.9%
Sigmund Freud
55.3%
Vito Corleone
47.4%
% Correct
Israel Kamakawiwoʻole
47.4%
Emeril Lagasse
44.7%
Rumplestiltskin
42.1%
Michael Stipe
42.1%
Jack Hanna
31.6%
Ruth Westheimer
26.3%
Gordon Shumway
26.3%
Rocky Balboa
21.1%
Lizzie Borden
18.4%
Kenny G.
15.8%

You're not logged in!

Compare scores with friends on all Sporcle quizzes.
OR
Log In

From the Vault

Three Characters: Tim Burton

by aquascape

Was it this quirky oddball character or that quirky oddball character?
Remove Ads.
Support Sporcle.
Get the best of Sporcle when you Go Orange. This ad-free experience offers more features, more stats, and more fun while also helping to support Sporcle. Thank you for becoming a member.

Show Comments

Extras

Top Quizzes Today


Score Distribution

Your Account Isn't Verified!

In order to create a playlist on Sporcle, you need to verify the email address you used during registration. Go to your Sporcle Settings to finish the process.

Report this User

Report this user for behavior that violates our Community Guidelines.

Details: